WWE TRIVIA 1 - Statistics

General Stats
  • This quiz has been taken 1,129 times
  • The average score is 8 of 15
Answer Stats
Hint Answer % Correct
The rated R superstar ? EDGE
86%
The 2009 Royal Rumble winner Randy Orton
73%
Kofi Kingston's finisher Trouble in Paradise
70%
Captain charisma... Christian
69%
The year John Cena was drafted to Raw 2005
68%
Leader of The Corre Wade Barrett
58%
Host of The Highlight Reel... Chris Jericho
56%
Won the most royal rumble matches Stone Cold Steve Austin
55%
The Undertaker's Wrestlemania 22 opponent Mark Henry
53%
Longest Divas champion AJ
49%
The amount of days CM Punk held the Wwe Championship for... 434
38%
Host city of Wrestlemania XX New York
33%
The duration of Wrestlemania 28 World Heavyweight match 18 seconds
26%
Who did Cena make tap out at Judgement Day 2007 The Great Khali
15%
Summerslam main event 2010 Wwe V The Nexus
2%
No matching quizzes found
Score Distribution
Percent of People with Each Score
Percentile by Number Answered
Your Score History
You have not taken this quiz